| 000 | 00675nam a22002297a 4500 | ||
|---|---|---|---|
| 008 | 131004b xxu||||| |||| 00| 0 alb d | ||
| 020 | _a9789951487016 | ||
| 041 | 0 | _aalb | |
| 080 | _a004 | ||
| 100 | 1 | _aSkenderi, Skender | |
| 245 | 1 | 0 |
_aMicrosoft office 2007 / _cSkender Skenderi |
| 246 | _bMicrosoft Office Outlook 2007 | ||
| 246 | _bWindows Internet Explorer 7.0 | ||
| 246 | _bMicrosoft Office Groove 2007 | ||
| 260 |
_aPrishtinë : _bPrinting Press ; _c2007 |
||
| 300 |
_a248 f. : _bme il. ; _c24 cm _eCD |
||
| 500 | _aParathënie f. [III]-IV | ||
| 650 | 0 | _aKompjuterët | |
| 650 | _aKompjuterët-Programimi-Softueri | ||
| 700 | 1 | _aSkenderi, Besnik | |
| 942 |
_2udc _cBK |
||
| 999 |
_c26 _d26 |
||